1284 1430 1050 1767 1510 1761 1388 1011 1499 1028 1174 1254 1855 1329 1071 1816 1475 1541 1346 1296 1453 1670 1554 1089 1201 1956 1741 1242 1069 1719 1911 1497 1782 1910 1346 1984 1263 1640 1333 1870 1847 1910 1034 1182 1723 1245 1436 1017 1780 1346 1134 1925 1983 1213 1294 1851 1908 1728 1913 1046 1811 1267 1033 1466 1213 1940 1141 1745 1429 1440 1040 1865 1051 1890 1502 1598 1227 1561 1150 1074 1838 1711 1879 1102 1413 1032 1834 1401 1489 1848 1227 1304 1310 1717 1893 1825 1806 1709 1990 BCNSPRNW ULIB Ver.6.0+V

เปลี่ยนเป็นภาษาไทย

Change to English
 แสดงรายละเอียดบรรณานุกรม
  กลับหน้าหลัก

Brief Record : Get Marc (ISO 2709) : E-mail record : QR code < ปิดหน้าต่าง
LEADER : 00000nam 2200000uu 4500
001    13399123379
003     ULIB
008    140902s2556||||th 000 0 tha d
020    ^a9789747074963
090    ^aนว^bป553ม
100 0  ^aปาริฉัตร ศาลิคุปต
245 10 ^aมนต์จันทรา /^cกิ่งฉัตร
250    ^aพิมพ์ครั้งที่ 22
260    ^aกรุงเทพฯ :^bอรุณ,^c2556
300    ^a491 หน้า ;^c19 ซม.
650  4 ^aนวนิยายไทย
700 0  ^aกิ่งฉัตร
945    ^p270^l0^i034653
999    ^aเกษร โพธิ์สุวรรณ
รายการนี้ยังไม่มีแท็ก
คุณยังไม่ได้ล็อกอิน คุณสามารถมีกิจกรรมร่วมกับเว็บไซต์ได้ แต่ต้องล็อกอินก่อน ::
  ล็อกอิน

รายการสื่อสารสนเทศ

ลำดับที่ ประเภท เลขเรียก/บาร์โค้ด สถานที่ สถานะ
1. นวนิยาย
นวนิยาย
นว ป553ม ฉ.1 
  Barcode: 034653
ห้องสมุดวิทยาเขตนครสวรรค์
►นวนิยาย:l:Fiction
บนชั้น
Note:อภินันทนาการโดย

รายการใกล้เคียง
    ผู้แต่ง [ปาริฉัตร ศาลิคุปต]

    หัวเรื่อง [นวนิยายไทย]

BibComment


ยังไม่เคยถูกคอมเมนท์

คอมเมนท์ทรัพยากรรายการนี้
  คอมเมนท์: มนต์จันทรา กิ่ง..


 Copyright 2026. Bcnsprnw @Library